| 000 | 00734cab a2200217 4500 | ||
|---|---|---|---|
| 001 | WB3513-08 | ||
| 008 | 090401t1999 xxu||||| |||| 00| 0 eng d | ||
| 035 | _a(Sirsi) u92524 | ||
| 041 | _aeng | ||
| 245 | _aNew image for industrial market | ||
| 260 | _c1999 | ||
| 350 | _a0 | ||
| 490 |
_aHerald _v1 April 1999, 30(1) |
||
| 520 | _aScotland's market for industrial estates is enjoying healthy demand. One of the developers are the Terrace Hill Group set to proceed with a £5m speculative redevelopment of part of the Hillingdon Industrial Estate. | ||
| 650 | _aINDUSTRIAL ESTATES | ||
| 650 | _aINDUSTRIAL MARKET | ||
| 650 | _aSCOTLAND | ||
| 690 | _aBUILDING AND CONSTRUCTION-PROJECTS | ||
| 942 | _n0 | ||
| 948 | _c01/04/1999 | ||
| 999 |
_c58650 _d58650 |
||